00546nam a2200205Ia 4500001000700000003000500007008004100012010001100053040000900064082001700073100002600090245009600116260003800212300001000250440000500260500000500265503000800270650002900278650003300307Z_1044CHAP220113s1983 xx 000 0 und d a164124 cCHAP a001.6424 F6y aForsythe, Alexandra I aTécnicas de computación: programación Fortran /cPor Alexandra I. Forsythe [y otros] aMéxico, D. F. :bLimusa,c1983 a194 p a a aC/E aFortran (Programación) aLenguajes de programación